| 000 | 00913nam a2200217 a 4500 | ||
|---|---|---|---|
| 020 | _a9283321901 (APO) | ||
| 020 | _a957953909X (FFTC) | ||
| 040 | _cHU | ||
| 082 | 0 | 0 | _a631 FOO 1996 C157 Or. |
| 245 | 0 | 0 |
_aAppropriate use of fertilizers in Asia and the Pacific : _bproceedings of a seminar, Taipei, Taiwan, ROC, November 6-14, 1995 / |
| 246 | 1 | 8 | _aAppropriate use of fertilizers |
| 260 |
_aTokyo : _bAsian Productivity Organization ; _aTaipei : _bFood & Fertilizer Technology Center for the Asian and Pacific Region, _c1996. |
||
| 300 |
_axx, 464 p. : _bill. ; _c26 cm. |
||
| 500 | _a"Proceedings, APO-EFTC Seminar on Appropriate Use of Fertilizers, held in Taiwan, Republic of China, November 6-14, 1995"--T.p. verso. | ||
| 650 | 0 | _aFertilizers | |
| 650 | 0 | _aFertilizers | |
| 700 | 1 | _aAhmed, Saleem. | |
| 710 | 2 | _aAsian Productivity Organization. | |
| 710 | 2 | _aAsian and Pacific Council. | |
| 942 | _cAEDBB | ||
| 999 |
_c19000 _d19000 |
||